Romantic Cyprus : a comprehensive guide for tourists and travellers /
Main Author:
Format: Book
Language: English
Published:
Nicosia :
K. Keshishian,
1960.
Edition: 9th ed., rev.
Subjects:
Tags: Add Tag
Call Number: DS54 .K48 1960
| LEADER | 00672namaa2200217 4500 | ||
|---|---|---|---|
| 001 | 20770 | ||
| 003 | OSt | ||
| 005 | 20260310100352.0 | ||
| 008 | 130303s1960 cy ab 000 0 eng d | ||
| 040 | |c ARCE Library | ||
| 043 | |a a-cy--- | ||
| 050 | 4 | |a DS54 .K48 1960 | |
| 100 | 1 | |a Keshishian, Kevork Krikor, |e author | |
| 245 | 1 | 0 | |a Romantic Cyprus : |b a comprehensive guide for tourists and travellers / |c by Kevork Keshishian. |
| 250 | |a 9th ed., rev. | ||
| 264 | 1 | |a Nicosia : |b K. Keshishian, |c 1960. | |
| 300 | |a 282 pages : |b illustrations, folded maps ; |c 22 cm. | ||
| 651 | 0 | |a Cyprus |x Description and travel |v Guidebooks. | |
| 901 | |a reviewed | ||
| 942 | |c BK |2 lcc | ||
| 999 | |c 17212 |d 17212 | ||
